| 000 | 00469nam a2200193Ia 4500 | ||
|---|---|---|---|
| 003 | STCL | ||
| 008 | 221019s9999 xx 000 0 und d | ||
| 020 |
_a9789350025130 _qHardbound |
||
| 040 |
_aSTCL _cSTCL _bEN |
||
| 082 | _222 | ||
| 100 | _aBajpai, Vikas | ||
| 100 | _aSaraya, Anoop | ||
| 245 | 0 | _aFood security in India: myth and reality | |
| 260 |
_bAakar Books _aDelhi _c2018 |
||
| 300 | _a440 p | ||
| 365 | _b1295 | ||
| 546 | _aEnglish | ||
| 942 |
_cBK _2DDC _e22 |
||
| 999 |
_c87975 _d87975 |
||